Music Quiz

Random Music or Album Quiz

Tupac Albums Quiz Stats

Quiz not verified by Sporcle

Challenge
Share
Tweet
Embed
Score 0/12 Timer 06:00
0 Plays Today
% Correct
all eyez on me
90.7%
me against the world
62.9%
2pacalypse now
54.6%
better dayz
43.3%
strictly for my niggaz
40.2%
r u still down
36.1%
thug life
35.1%
until the end of time
28.9%
the don killuminati
26.8%
loyal to the game
25.8%
resurrection
16.5%
the rose that grew from concrete
10.3%

You're not logged in!

Compare scores with friends on all Sporcle quizzes.
Join for Free
OR
Log In

You Might Also Like...

Show Comments

Extras

Created Oct 30, 2009ReportNominate
Tags:Album Quiz, tupac, Tupac Albums

Top Quizzes Today


Score Distribution

Your Account Isn't Verified!

In order to create a playlist on Sporcle, you need to verify the email address you used during registration. Go to your Sporcle Settings to finish the process.

Report this User

Report this user for behavior that violates our Community Guidelines.

Details: